| 000 | 01441cam a22004574i 4500 | ||
|---|---|---|---|
| 003 | PE-LiUPU | ||
| 005 | 20250731184537.0 | ||
| 008 | 180221s1985 sp a r 000 0 spa d | ||
| 020 | _a8475155722 | ||
| 035 | _a(Sirsi) a241348 | ||
| 040 |
_aPE-LiUPU _bspa _cPE-LiUPU _erda |
||
| 049 | _aPRUA | ||
| 082 | 0 | 4 |
_a956.944 _bO23 |
| 100 | 1 |
_aOberländer, Beatriz, _eautor. |
|
| 245 | 1 | 0 |
_aJerusalén : _bla ciudad santa de las tres religiones / _cBeatriz Oberländer. |
| 264 |
_aMadrid : _bOrbis, _c1985. |
||
| 300 |
_a138 páginas : _bilustraciones ; _c29 centímetros |
||
| 336 |
_atext _2rdacontent |
||
| 337 |
_aunmediated _2rdamedia |
||
| 338 |
_avolume _2rdacarrier |
||
| 490 | 0 | _aEl universo del espíritu | |
| 505 | 0 | _aLa ciudad santa del monteísmo -- Jerusalén, foco de luz -- La ciudad del templo -- La ciudad de la pasión -- La tercera ciudad santa -- Cronología. | |
| 526 | _aP136 | ||
| 526 | _aP135 | ||
| 526 | _aP134 | ||
| 526 | _aP133 | ||
| 526 | _aP144 | ||
| 526 | _aP143 | ||
| 526 | _aP87 | ||
| 526 | _aP35 | ||
| 526 | _aP20 | ||
| 526 | _aP14 | ||
| 526 | _aP10 | ||
| 526 | _aP06 | ||
| 650 | 0 | 4 | _aJerusalén. |
| 942 |
_2ddc _cBOOK |
||
| 994 |
_aC0 _bPEPRU |
||
| 596 | _a1 | ||
| 999 |
_a956.944 O23 II _wDEWEY _c26988 _i39475 _f2021-11-12 _g4 _lCCODEBUL1 _mBUL _r0 _sY _tBOOK _u2018-2-21 _xTEOLOGIA _PP35 _0COMPRA _o.STAFF. Colección Teología _d26988 |
||
| 980 |
_81 _gALBERTO SANCHEZ Responsable de Automatización |
||